书目信息 |
| 题名: |
消费者信用管理
|
|
| 作者: | 唐明琴 , 林钧跃 , 王纯红 主编 | |
| 分册: | ||
| 出版信息: | 北京 高等教育出版社 2015 |
|
| 页数: | 323页 | |
| 开本: | 25cm | |
| 丛书名: | ||
| 单 册: | ||
| 中图分类: | F830.589 | |
| 科图分类: | ||
| 主题词: | 消费者--信贷管理--高等学校--教材 | |
| 电子资源: | ||
| ISBN: | 978-7-04-043484-2 | |
| 000 | 00970nam0 2200265 450 | |
| 001 | 0103659426 | |
| 005 | 20160113152315.0 | |
| 010 | @a978-7-04-043484-2@dCNY39.00 | |
| 100 | @a20151030d2015 em y0chiy0120 ea | |
| 101 | 0 | @achi |
| 102 | @aCN@b110000 | |
| 105 | @ay z 000yy | |
| 106 | @ar | |
| 200 | 1 | @a消费者信用管理@9Xiao Fei Zhe Xin Yong Guan Li @f唐明琴,林钧跃,王纯红主编@b专著 |
| 210 | @a北京@c高等教育出版社@d2015 | |
| 215 | @a323页@d25cm | |
| 300 | @a高等学校信用管理专业主要课程系列教材 | |
| 330 | @a本书内容包括:消费者信用概述、零售信用、现金信用、个人信用的建立和维护、消费者信用风险管理、外部技术支持、个人信用评分、个人征信相关法律和国家标准。 | |
| 606 | 0 | @a消费者@x信贷管理@x高等学校@j教材 |
| 690 | @aF830.589@v5 | |
| 701 | 0 | @a唐明琴@f(1963~)@4主编@9tang ming qin |
| 701 | 0 | @a林钧跃@4主编@9lin jun yue |
| 701 | 0 | @a王纯红@c(女,企业管理)@4主编@9wang chun hong |
| 801 | 0 | @aCN@bAZmarc@c20230902 |
| 905 | @aBZT@dF830@e270@f1@sF830/270 | |
| 消费者信用管理/唐明琴,林钧跃,王纯红主编.-北京:高等教育出版社,2015 |
| 323页;25cm |
| 高等学校信用管理专业主要课程系列教材 |
| ISBN 978-7-04-043484-2:CNY39.00 |
| 本书内容包括:消费者信用概述、零售信用、现金信用、个人信用的建立和维护、消费者信用风险管理、外部技术支持、个人信用评分、个人征信相关法律和国家标准。 |
| ● |
| 相关链接 |
|
|
|
正题名:消费者信用管理
索取号:F830/270
 
预约/预借
| 序号 | 登录号 | 条形码 | 馆藏地/架位号 | 状态 | 备注 |
| 1 | 2000009327 | 2000009327 | 旧书回溯/ [索取号:F830/270] | 在馆 |